[Event "HON-ch sf1"]
[Site "Tegucigalpa"]
[Date "2018.01.20"]
[Round "5"]
[White "Mendez, Juan Javier"]
[Black "Cardenas Carbajal, Nilson"]
[Result "0-1"]
[WhiteElo "2015"]
[BlackElo "2115"]
[PlyCount "71"]
[EventDate "2018.01.13"]
[EventType "swiss"]
[EventRounds "7"]
[EventCountry "HON"]
[SourceTitle "EXT 2019"]
[Source "ChessBase"]
[SourceDate "2018.10.10"]
[SourceVersion "1"]
[SourceVersionDate "2018.10.10"]
[SourceQuality "1"]

1. e4 c5 2. Nf3 d6 3. d4 cxd4 4. Nxd4 Nf6 5. Nc3 a6 6. Bg5 e6 7. f4 Be7 8. Qf3 h6 9. Bh4 Nbd7 10. 0-0-0 Qc7 11. Bf2 b5 12. Bd3 Bb7 13. Kb1 b4 14. Nce2 Nc5 15. Ng3 Rc8 16. Nb3 h5 17. Rhe1 h4 18. Nf1 Nfxe4 19. Rxe4 f5 20. Nxc5 dxc5 21. Qe2 fxe4 22. Bxe4 Rh6 23. g4 hxg3 24. hxg3 Bxe4 25. Qxe4 Qc6 26. Qe2 Rd8 27. Rc1 c4 28. g4 c3 29. g5 Rh1 30. Qg4 Qe4 31. Re1 Rxf1 32. Rxf1 Rd2 33. Rc1 Rxf2 34. Qh5+ Kd7 35. Qh8 Qxf4 36. Qh1 0-1